Follow That Line: Seinfeld Quiz Stats

 Plays Quiz Updated Dec 7, 2018

Support Sporcle.
Go Orange.
Score 0/25 Timer 07:00
0 Plays Today
% Correct
But I don't wanna be a pirate!
96.1%
Actually, that's the definition of selfish.
96%
It's pronounced thermometer.
95.5%
Oh, you gotta eat before surgery. You need your strength.
95.4%
Parking at a garage is like going to a prostitute. Why should I pay, when if I apply myself, maybe I could get it for free?
95.4%
That would be great except that you don't really have any black friends. Outside of us, you don't really have any white friends, either...
95.4%
Those aren't for New Year's. Those are my everyday balloons.
95.3%
That's not punishing me, that's punishing Elaine. And cruelly, I might add...
94.9%
Oh yeah, Riley? Well, the jerk store called. They're running out of you!
94%
And with Darren's help, we'll get that chicken!
93.9%
Yeah, he's a mystery wrapped in a twinkie.
93.8%
Ah, too bad you've got a little George Costanza thing going on.
93.6%
Cheapness is not a sense.
92.9%
% Correct
I think I'm pretty much like you, only successful.
92.5%
Probably to give the woman a chance to change her mind.
91.2%
You've been the bad employee, the bad son, the bad friend...
90.4%
What is that, a Titleist? A hole in one, huh?
88.3%
I like to get the Daily News.
88.1%
They were mailboxes, you idiot. I didn't have the heart to tell you
86.1%
Well, people kept ringing the bell!
85.5%
It's your third day.
83.4%
Listening to you. I listen to this for fifteen minutes and I'm on top of the world. Your misery is my pleasure.
82.1%
Why does Radio Shack ask for your phone number when you buy batteries? I don't know.
79.5%
Well, your friend is morbidly obese.
78.7%
Well, it's comforting to know that you'll be going straight to hell at no more than three miles per hour.
76.5%

You're not logged in!

Compare scores with friends on all Sporcle quizzes.
OR
Log In

From the Vault

TV Show Opening Credits: '80s Edition

by MrChewypoo

You really have to give the 80s credit.
Remove Ads.
Support Sporcle.
Get the best of Sporcle when you Go Orange. This ad-free experience offers more features, more stats, and more fun while also helping to support Sporcle. Thank you for becoming a member.

Show Comments

Extras

Top Quizzes Today


Score Distribution

Your Account Isn't Verified!

In order to create a playlist on Sporcle, you need to verify the email address you used during registration. Go to your Sporcle Settings to finish the process.

Report this User

Report this user for behavior that violates our Community Guidelines.

Details: